ILLIT Tick Tack English Lyrics (Kpop) - Statistics

General Stats
  • This quiz has been taken 46 times
  • The average score is 124 of 169
Answer Stats
Answer % Correct
tick-tack
90%
my
67%
oh
63%
to
57%
heart
50%
cabinet
47%
ta
47%
fitting
43%
god
43%
hurry
43%
room
43%
see
43%
so
43%
attitude
40%
it's
40%
mode
40%
nice
40%
ya
40%
click
37%
mm
20%
ti-tick
13%
book
10%
(book)
10%
version
10%
look
7%
uh
7%
No matching quizzes found
Score Distribution
Percent of People with Each Score
Percentile by Number Answered
Your Score History
You have not taken this quiz